书目信息 |
| 题名: |
希腊人和希腊文明
|
|
| 作者: | 布克哈特 著 ;王大庆 译 | |
| 分册: | ||
| 出版信息: | 上海 上海人民出版社 2012 |
|
| 页数: | 598页 | |
| 开本: | 23cm | |
| 丛书名: | ||
| 单 册: | ||
| 中图分类: | K125 | |
| 科图分类: | ||
| 主题词: | 文化史 , 文化史--古希腊 | |
| 电子资源: | ||
| ISBN: | 978-7-208-10586-7 | |
| 000 | 01134nam0 2200289 45 | |
| 001 | 1360116781 | |
| 005 | 20130530094211.03 | |
| 010 | @a978-7-208-10586-7@dCNY56.00 | |
| 100 | @a20130513d2012 em y0chiy50 ea | |
| 101 | 1 | @achi@beng@cger |
| 102 | @aCN@b310000 | |
| 105 | @ay z 000yy | |
| 106 | @ar | |
| 200 | 1 | @a希腊人和希腊文明@AXi La Ren He Xi La Wen Ming@f(瑞士)雅各布·布克哈特(Jacob Burckhardt)著@F( Rui Shi ) Ya Ge Bu· Bu Ke Ha Te (Jacob Burckhardt) Zhu@g王大庆译 |
| 205 | @a2版 | |
| 210 | @a上海@c上海人民出版社@d2012 | |
| 215 | @a598页@d23cm | |
| 312 | @a版权页英文题名:The Greeks and Greek civilization | |
| 330 | @a本书是一部展现古希腊无穷魅力的文化史巨著,作者对希腊的赛会精神、悲观主义、希腊民族及其城邦政体的优势和弱点,以及希腊的艺术、宗教、经济生活等诸多方面都有独到见解。 | |
| 510 | 1 | @aGreeks and Greek civilization@zeng |
| 606 | 0 | @a文化史 |
| 606 | 0 | @a文化史@x古希腊 |
| 690 | @aK125@v5 | |
| 701 | 0 | @c(瑞士)@a布克哈特@ABu Ke Ha Te@c(Burckhardt, Jacob@f1818-1897)@4著 |
| 702 | 0 | @a王大庆@AWang Da Qing@f(1969-)@4译 |
| 801 | @aCN@bTANGWEI@c20130522 | |
| 905 | @b0834503-05@dK125@e199=2@f3 | |
| 希腊人和希腊文明/(瑞士)雅各布·布克哈特(Jacob Burckhardt)著/王大庆译.-2版.-上海:上海人民出版社,2012 |
| 598页;23cm |
| ISBN 978-7-208-10586-7:CNY56.00 |
| 本书是一部展现古希腊无穷魅力的文化史巨著,作者对希腊的赛会精神、悲观主义、希腊民族及其城邦政体的优势和弱点,以及希腊的艺术、宗教、经济生活等诸多方面都有独到见解。 |
| ● |
| 相关链接 |
|
|
|
|
正题名:希腊人和希腊文明
索取号:K125/199=2
 
预约/预借
| 序号 | 登录号 | 条形码 | 馆藏地/架位号 | 状态 | 备注 |
| 1 | 0834503 | 208345030 | 第二样本阅览室/ [索取号:K125/199=2] | 在馆 | |
| 2 | 0834504 | 208345049 | 第二借阅区/ [索取号:K125/199=2] | 在馆 | |
| 3 | 0834505 | 208345058 | 密集书库-史法系/ [索取号:K125/199=2] | 在馆 |